000 00748nam a22002177a 4500
003 OSt
005 20250221172359.0
008 230926b ||||| |||| 00| 0 eng d
040 _c0
082 _aDPer 379.1 J826 Winter - Spring 2020 v. 45 n. 3-4
100 _aGrant, Janelle.
_eauthor.
_949273
245 _aRhode Island /
_cJanelle Grant.
260 _aUnited States ;
_bUniversity of Illinois Press and Johns Hopkins University Press,
_cWinter 2020.
300 _avolume 45, pages 367-369.
500 _aJournal of Education Finance, v. 45 n. 3, pages 367-369, Winter 2020.
650 _aFinance.
_949274
650 _aBudget.
_949275
650 _aEducation.
_949276
700 _aGrant, Janelle.
_eauthor.
_949273
942 _2ddc
_cPER
999 _c18253
_d18253